Music Quiz

Random Music or Clip Quiz

Rock Jukebox 2016 (Clips) Quiz Stats

 Plays Quiz not verified by Sporcle

Challenge
Share
Tweet
Score 0/40 Timer 12:00
0 Plays Today
Index / Start Time Title % Correct
31 / 3:30The Sound Of Silence
72.6%
2 / 0:07Bang Bang
66.1%
6 / 0:35Dark Necessities
61.3%
5 / 0:28Bored To Death
58.1%
14 / 1:31Hardwired
46.8%
33 / 3:44State Of My Head
40.3%
7 / 0:42The Devil's Bleeding Crown
35.5%
11 / 1:10Feel Invincible
33.9%
28 / 3:09Saint Cecilia
33.9%
13 / 1:24Happy Song
33.9%
32 / 3:37The Stage
32.3%
1 / 0:00Asking For It
30.6%
22 / 2:27Paranoia
30.6%
18 / 1:59Mayhem
29%
36 / 4:05Take Me Down
25.8%
9 / 0:56Fallen Angel
25.8%
10 / 1:03Falling Apart
25.8%
39 / 4:26Wash It All Away
25.8%
8 / 0:49Emotionless
24.2%
19 / 2:06My Name Is Human
24.2%
Index / Start Time Title % Correct
30 / 3:23Seal The Deal
22.6%
27 / 3:02Rotting In Vain
22.6%
3 / 0:14Black Honey
22.6%
29 / 3:16Save Today
21%
25 / 2:48Reapers
17.7%
15 / 1:38Here's To The Heartache
17.7%
24 / 2:41Prophets Of Rage
16.1%
12 / 1:17From The Pinnacle To The Pit
16.1%
20 / 2:13My Nemesis
16.1%
17 / 1:52Joyride (Omen)
14.5%
26 / 2:55Rise
14.5%
4 / 0:21Bloodfeather
14.5%
16 / 1:45In The Dark
14.5%
38 / 4:19Until The World Goes Cold
14.5%
40 / 4:33Ways To Get High
14.5%
21 / 2:20Open Your Eyes
14.5%
35 / 3:58Take It All
11.3%
23 / 2:34Prayers/Triangles
11.3%
37 / 4:12Through It All
9.7%
34 / 3:51Still Alive
8.1%

You're not logged in!

Compare scores with friends on all Sporcle quizzes.
Join for Free
OR
Log In

You Might Also Like...

Show Comments

Extras

Top Quizzes Today


Score Distribution

Your Account Isn't Verified!

In order to create a playlist on Sporcle, you need to verify the email address you used during registration. Go to your Sporcle Settings to finish the process.

Report this User

Report this user for behavior that violates our Community Guidelines.

Details: